000 00670nam a2200205Ia 4500
005 20260121110230.0
008 008 260114s9999 xx 000 0 hin d
020 _a9788132389828
037 _aEBOOK
040 _aCRL
_bhin
_cCRL
041 _ahin
_2hin
084 _qCRL
100 _aआनंद तिवारी / Anand Tiwari
_9943658
245 0 _aमहिला अध्ययन के मूल तत्व / Mahila Adhyayan Ke Mool Tatva
260 _bभाषा प्रकाशन / Bhasha Prakashan
_c2023
856 _uhttps://bhashaprakashan.com/product-details/437326
942 _cEBOOK
999 _c1535323
_d1535323